[Event "Saint Louis blitz"]
[Site "Saint Louis"]
[Date "2017.08.18"]
[Round "16"]
[White "Caruana, Fabiano"]
[Black "Nepomniachtchi, Ian"]
[Result "0-1"]
[WhiteElo "2807"]
[BlackElo "2751"]
[PlyCount "76"]
[EventDate "2017.08.17"]
[EventType "tourn (blitz)"]
[EventRounds "18"]
[EventCountry "USA"]
[EventCategory "21"]
[SourceTitle "CBM 180"]
[Source "ChessBase"]
[SourceDate "2017.09.13"]
[SourceVersion "1"]
[SourceVersionDate "2017.09.13"]
[SourceQuality "1"]

1. e4 c5 2. Nc3 a6 3. Nge2 b5 4. d4 cxd4 5. Nxd4 Bb7 6. Bg5 Qc7 7. Qd2 e6 8.
Bd3 Nc6 9. Nxc6 Qxc6 10. O-O Ne7 11. Rfe1 Ng6 12. a4 b4 13. Nd5 h6 14. Bf4 Nxf4
15. Qxf4 Bd6 16. Qg4 Be5 17. Rab1 Qd6 18. Ne3 Bxh2+ 19. Kf1 Be5 20. Nc4 Qc7 21.
Nxe5 Qxe5 22. Re3 h5 23. Qe2 g5 24. b3 Ke7 25. Rd1 h4 26. Kg1 h3 27. g3 h2+ 28.
Kg2 f5 29. Qd2 a5 30. Be2 h1=Q+ 31. Rxh1 Bxe4+ 32. Bf3 Rxh1 33. Kxh1 Bxf3+ 34.
Rxf3 Rh8+ 35. Kg2 Qa1 36. Qxg5+ Ke8 37. Qg6+ Kd8 38. Qg5+ Kc8 0-1

[Event "London Classic 7th"]
[Site "London"]
[Date "2015.12.11"]
[Round "7"]
[White "Anand, Viswanathan"]
[Black "Vachier Lagrave, Maxime"]
[Result "0-1"]
[WhiteElo "2803"]
[BlackElo "2773"]
[Annotator "Vachier Lagrave,M"]
[PlyCount "68"]
[EventDate "2015.12.04"]
[EventType "tourn"]
[EventRounds "9"]
[EventCountry "ENG"]
[EventCategory "22"]
[SourceTitle "CBM 170"]
[Source "ChessBase"]
[SourceDate "2016.01.15"]
[SourceVersion "1"]
[SourceVersionDate "2016.01.15"]
[SourceQuality "1"]

{From the beginning of the event, I had been feeling much more comfortable
with Black opening-wise, and my +1 score was still enough to tie for first
place, but probably not for too long. Thus I was in the mood for a lively game.
} 1. e4 c5 2. Nf3 d6 3. d4 cxd4 4. Nxd4 Nf6 5. Nc3 a6 6. Be2 e5 7. Nb3 Be7 8.
Be3 Be6 9. Nd5 ({Deviating from our game in Saint-Louis which went} 9. Qd3 {
allowing} Nc6 10. a3 d5 {which is a different story.}) 9... Nbd7 10. Qd3 O-O
11. c4 b5 12. Nd2 (12. cxb5 axb5 13. O-O Bxd5 14. exd5 Nb6 $1 15. Bxb6 Qxb6 16.
Qxb5 Qa7 {gives Black adequate compensation with a lot of activity on the
queenside as well as on the dark squares, say as soon as the dark-squared
bishop reaches b6.}) 12... Nc5 (12... Rc8 13. b4 $1 {and suddenly Black is
lacking a freeing move.}) 13. Bxc5 dxc5 14. b3 Bxd5 (14... Nxd5 15. cxd5 Bd7 {
is also playable and maybe the best option available to Black. But getting my
knight to d6 was too appealing to me.}) 15. cxd5 (15. exd5 $2 e4 {is obviously
wrong for White.}) 15... Ne8 16. O-O Nd6 17. a4 {A logical move to press on
the queenside, delaying any decision as to which pawns to attack. Here at
first I couldn't see a suitable plan to get activity as an immediate ...f5
would be too hasty, but as usual in these positions there is an unexpected
concrete option.} (17. Nf3 c4 $1 18. bxc4 bxc4 19. Qc2 Bf6 {and Black gets his
counterplay in time.}) (17. Qc2 Rc8 18. a4 c4 19. axb5 cxb3 20. Qxb3 axb5 21.
Ra6 Bg5 $11) 17... Bg5 18. Nf3 Bf4 $1 {You wouldn't expect this bishop to be
stable on this square. Or in the words of Levon : "a very impressive move as
it looks so awful".} 19. axb5 (19. g3 f5 20. Qc3 (20. gxf4 $6 fxe4 21. Qe3 exf3
$15) 20... fxe4 21. Ne1 b4 $1 22. Qxc5 Bd2 {looks good for Black.}) 19... f5 {
Why not?} (19... axb5 20. Rxa8 Qxa8 21. g3 f5 22. Nh4 fxe4 23. Qc3 Bg5 24. Qxc5
Qb8 {is fine for Black, but not more. I was already inclining towards pushing
my luck.}) 20. Nd2 Qg5 $2 {After pondering my decision for a while, I couldn't
evaluate the resulting position so I took the gamble. My mind was probably
influenced by the fact Vishy had missed the earlier idea with Bf4 and clearly
wasn't feeling comfortable, but I wouldn't have taken the gamble had I been
strong enough to realise I was going one step too far!} (20... axb5 21. exf5
Rc8 $1 {A nice move which had escaped my mind. Now Black is absolutely fine.}
22. Ra6 c4 23. bxc4 bxc4 $11) 21. Rad1 $2 {A very strange attempt to keep
things under control in the centre, as it gives away the a-file.} (21. Nc4 $1 {
was the obvious reaction. I thought it would give double-edged play after} fxe4
22. Qh3 Nxb5 {but my knight getting to d4 is no help after} 23. Nb6 $1 Nd4 (
23... Rae8 24. Nd7 Nd4 25. Bc4 Nf3+ 26. Kh1 Nxh2 27. d6+ Kh8 28. Nxf8 Rxf8 29.
g3 $1 Nxf1 30. gxf4 $18) 24. Bc4 Nf3+ 25. Kh1 Nxh2 26. d6+ Kh8 27. Nxa8 Nxf1
28. Nc7 $18 {and Black is helpless against Ne6.}) 21... axb5 22. exf5 Ra3 $1 {
After a while, I found this excellent reaction allowing me to keep the fight
going.} (22... Ra2 23. Ne4 Nxe4 24. Qxe4 Qh4 25. g3 Bxg3 26. Qxh4 Bxh4 27. Bxb5
{is just fine for White.}) 23. Ne4 (23. Qc2 c4 $5 (23... Bxd2 24. Rxd2 Rxb3 25.
Qxb3 Qxd2 26. Bxb5 Rb8 27. Qd3 {is just a draw.}) 24. bxc4 Rh3 $1 {was an idea
I had in mind. It seems to work better than I would have expected after} 25.
Nf3 (25. g3 Bxg3 $1 26. hxg3 (26. fxg3 $2 Qe3+ 27. Kg2 Qxe2+ 28. Kxh3 Rf6 $19)
26... Nxf5 $1 27. Ne4 (27. Bg4 $1 {is the only defence but after} Qxg4 28. Qe4
Qh5 {(not the only move here) the attack keeps on going. A beautiful line is}
29. g4 Qg5 30. Qg2 Rh4 31. Nf3 Nd4 $3 32. Nxh4 (32. Rxd4 Rxf3 $19) (32. Nxg5
Ne2#) 32... Ne2+ 33. Kh2 Qxh4+ 34. Qh3 Qg5 $1 35. Rde1 Nf4 36. Qg3 Rf6 37. Re3
Rh6+ 38. Kg1 bxc4 {and Black definitely has the upper hand.}) 27... Qh6 28. Bf3
Nd4 29. Rxd4 Rxf3 $1 $19) 25... Qh6 $1 26. gxh3 (26. g3 bxc4 $1 27. gxf4 $2 e4)
26... Qxh3 27. Rfe1 e4 28. Bf1 Qg4+ $1 29. Kh1 Qxf3+ 30. Bg2 Qh5 31. h3 bxc4
32. Rd4 $13) 23... c4 24. Qc2 $4 {The pressure pays off, with Vishy clearly
having overlooked something. He probably wasn't too sure about his other
options and missed my obvious reply.} (24. Qf3 $1 Qh6 (24... Bxh2+ 25. Kxh2
Qh4+ 26. Kg1 Qxe4 27. Qxe4 Nxe4 28. bxc4 Nc3 29. Rd2 Nxe2+ 30. Rxe2 bxc4 31.
Rxe5 Rd3 $11) 25. g3 Rxb3 26. Qg2 Bg5 27. f6 $1 Nxe4 28. Qxe4 Qg6 $1 (28...
Bxf6 29. Rb1 {makes White's life too easy; his Qe4 is just what the doctor
ordered to get enough counterplay and control of the position.}) 29. Qxg6 hxg6
30. Rb1 $1 Rxb1 31. Rxb1 Rc8 32. Bg4 Rb8 33. Be6+ Kf8 34. fxg7+ Kxg7 35. d6 c3
36. Bb3 {and the game peters out to a likely draw.}) (24. Qb1 {looks dangerous
but might be ok as well:} Bxh2+ (24... Qh6 $5 25. g3 Rxb3 26. Qc2 Nxf5 27. d6
$1 Qh3 28. Bxc4+ bxc4 29. Qxc4+ Kh8 30. Qe6 $1 {and White is hanging on by a
thread.}) 25. Kxh2 Qh4+ 26. Kg1 Rxb3 (26... Nxe4 27. Qb2 Ra6 28. d6 $1 $11) 27.
Nxd6 $1 Rxb1 28. Rxb1 Rf6 29. g3 Qh3 30. Rxb5 Rxd6 31. Bxc4 {is likely to end
in a draw.}) 24... Qxf5 {It is quite hard to understand what Vishy actually
missed.} 25. Qb2 Rxb3 26. Qxb3 cxb3 27. Nxd6 {Here I should still be careful
not to allow exchanges which would give White drawing chances. But my passed
pawn combined with attacking possibilities on White's king gave me enough
confidence to think I would win this game.} Qg6 28. Nxb5 e4 ({Vishy mentioned
to me this option after the game:} 28... Qc2 $1 29. Bd3 Qc5 $1 {and White's
knight cannot get back into play.} 30. d6 e4 31. Be2 b2 32. d7 Rd8 {is just
over.}) 29. d6 b2 {...e3 and ...Bc1 are two of the tempting options now on
Black's agenda.} 30. Nd4 {An interesting try which I missed. But I had enough
time on the clock to make sure everything worked out for me.} (30. d7 Rd8 31.
Bc4+ Kh8 32. Rfe1 Qc6 $19) 30... Qxd6 $1 (30... Bxd6 31. Bc4+ Kh8 32. Ne6 Rb8
33. Rxd6 b1=Q 34. Rxb1 Rxb1+ 35. Bf1 Rb8 {is also enough to win, especially as
White can't get his knight out in time:} 36. Nd8 Qf5 $1 37. Ne6 Qe5 38. Ra6 e3
$19) 31. Bc4+ Kh8 32. Ne6 Bxh2+ 33. Kh1 Rxf2 $1 {Not the only winning move,
but definitely the most pretty. All Black's pieces are hanging, but White is
in the same situation and the b-pawn might decide the game in several cases.}
34. Ng5 $5 (34. Rxf2 Qxd1+ 35. Kxh2 Qd6+ $19) (34. Rxd6 Bxd6 $1 (34... Rxf1+ $4
35. Kxh2) 35. Rg1 Rc2 36. Bd5 e3 37. Ng5 Rc5 $1 38. Nf7+ Kg8 39. Nxd6+ Rxd5 40.
Nc4 Rh5#) 34... Bg3 $1 {The threat of ...Qh6 forces White to throw in the
towel.} (34... Bg3 35. Rxd6 Rxf1+ 36. Bxf1 Bxd6 {and the b-pawn is unstoppable.
}) 0-1

[Event "Morelia/Linares 23rd"]
[Site "Morelia/Linares"]
[Date "2006.02.25"]
[Round "6"]
[White "Topalov, Veselin"]
[Black "Vallejo Pons, Francisco"]
[Result "0-1"]
[WhiteElo "2801"]
[BlackElo "2650"]
[Annotator "Lutz,C"]
[PlyCount "112"]
[EventDate "2006.02.18"]
[EventType "tourn"]
[EventRounds "14"]
[EventCountry "ESP"]
[EventCategory "20"]
[SourceTitle "CBM 112"]
[Source "ChessBase"]
[SourceDate "2006.06.07"]
[SourceVersion "1"]
[SourceVersionDate "2006.06.07"]
[SourceQuality "1"]

1. d4 d5 2. c4 c6 3. Nc3 Nf6 4. Nf3 e6 5. Bg5 h6 6. Bh4 dxc4 7. e4 g5 8. Bg3 b5
9. Be2 Bb7 10. O-O Nbd7 11. Ne5 h5 $5 $146 {Dieser Zug ist neu, bislang wurde
fast ausschließlich 11...Bg7 gespielt.} (11... Bg7 12. Nxd7 $5 {Dies sieht wie
die kritische Fortsetzung aus.} Nxd7 13. Bd6 e5 $5 (13... Bf8 $5 14. Bxf8 Kxf8
15. e5 Qb6 16. f4 Rd8 17. Bh5 $40 {1/2-1/2 Pantsulaia,L-Karjakin,S/Gothenburg
2005/CBM 109/[Lutz] (24)}) 14. d5 Nb6 15. dxc6 Bxc6 16. a4 $1 bxa4 (16... a6
17. b3 $40) 17. Nxa4 $1 $40 {1-0 Radjabov,T-Dreev,A/Sant Lluis 2005/CBM 109/
[Lutz] (65)}) 12. Nxd7 Qxd7 13. Be5 Rh6 14. f3 {Eine Runde früher hatte
Radjabov hier 14.f4 gespielt. Topalovs Idee ist anders: Er will den Pe4
festigen und so die schwarzen Figuren einschränken.} (14. f4 {1/2-1/2 Radjabov,
T-Vallejo Pons,F/Morelia/Linares 2006/CBM 112/[Lutz] (51)}) 14... Qe7 (14... h4
$5 {wird von Vallejo in seinen Analysen in NEW IN CHESS 3/2006 erwähnt. Weiß
kann dann mit 15.f4!? oder 15.b3!? fortsetzen.}) 15. a4 (15. f4 $5 {(Vallejo)
ist nun eine Idee, obwohl die Dame auf e7 wohl eher besser steht als auf d7.})
15... a6 16. Qc2 (16. axb5 cxb5 (16... axb5 $2 17. Rxa8+ Bxa8 18. Qa1 $36 {
Vallejo}) 17. Nxb5 axb5 18. Bxc4 Qb4 {(Vallejo) ist gut für Schwarz.}) 16...
Rd8 17. Rad1 Nd7 18. Bc7 (18. f4 $5 $13) 18... Rc8 19. Bg3 e5 20. d5 {So kann
Weiß das Feld d5 für seinen Springer gewinnen, aber der Bg3 kommt nicht so
richtig ins Spiel.} (20. dxe5 $5 Nxe5 21. axb5 axb5 22. f4 $13) 20... b4 (20...
Qf6 $5 {Vallejo}) 21. dxc6 Rhxc6 22. Nd5 Qe6 23. Qd2 $6 {Danach kann Schwarz
seinen h-Bauern in Bewegung setzen.} (23. h4 $5 $13 {wird von Vallejo als
besser angegeben.}) 23... h4 24. Bf2 c3 25. bxc3 (25. Qxg5 $5 {Vallejo}) 25...
bxc3 26. Qxg5 c2 27. Rc1 h3 $1 $17 {Schwarz bringt seine Bauern sehr schön zur
Geltung.} 28. g3 Qh6 $1 {So kann Schwarz den c-Bauern weiter unterstützen.} 29.
Qf5 Qd2 30. Rfe1 Ba3 $19 {Weiß verliert Material, daher muss er am
Königsflügel im Trüben fischen.} 31. f4 Bxc1 32. Bh5 Rg6 33. Bxg6 Bxd5 34. exd5
Qxe1+ 35. Bxe1 Be3+ 36. Kf1 c1=Q 37. Qxf7+ Kd8 38. Ke2 Bb6 39. Bd2 Qc4+ $6 (
39... Qh1 $19 {Vallejo}) 40. Kf3 e4+ 41. Kg4 Kc7 $6 (41... e3 $19 {Vallejo})
42. a5 Bd4 43. Bf5 Rg8+ 44. Kh4 Rh8+ 45. Kg5 Qb5 46. Be6 e3 47. Be1 e2 48. g4
Rf8 49. Qh7 Be3 50. Kh4 Bxf4 51. g5 Qa4 52. Kh5 Bxh2 53. Bxh3 Be5 54. Qd3 Rh8+
55. Kg6 Nf8+ 56. Kf7 Kd8 0-1

[Event "Beijing Sportaccord blitz"]
[Site "Beijing"]
[Date "2014.12.13"]
[Round "16"]
[White "Aronian, Levon"]
[Black "Grischuk, Alexander"]
[Result "0-1"]
[WhiteElo "2797"]
[BlackElo "2810"]
[PlyCount "98"]
[EventDate "2014.12.13"]
[EventType "tourn (blitz)"]
[EventRounds "30"]
[EventCountry "CHN"]
[EventCategory "20"]
[SourceTitle "CBM 163 Extra"]
[Source "ChessBase"]
[SourceDate "2014.12.23"]
[SourceVersion "1"]
[SourceVersionDate "2014.12.23"]
[SourceQuality "1"]

1. d4 Nf6 2. c4 g6 3. Nc3 d5 4. cxd5 Nxd5 5. g3 Bg7 6. Bg2 Nxc3 7. bxc3 c5 8.
Nf3 cxd4 9. cxd4 O-O 10. O-O Nc6 11. e3 Be6 12. a4 Rc8 13. Ba3 Re8 14. Nd2 Na5
15. Bb4 Nc6 16. Bc3 Bd5 17. Bxd5 Qxd5 18. Rb1 b6 19. Rb5 Qd7 20. Qb3 Red8 21.
Ra1 Nxd4 22. Bxd4 e5 23. Bxb6 axb6 24. Nc4 e4 25. Nxb6 Qh3 26. Rd1 Rxd1+ 27.
Qxd1 Rc6 28. Qd8+ Bf8 29. Rb1 Rd6 30. Qc8 Qh5 31. g4 Qh4 32. a5 Rf6 33. Nd5
Qxf2+ 34. Kh1 Qf3+ 35. Kg1 Qf2+ 36. Kh1 Rd6 37. Ne7+ Kg7 38. Qc3+ f6 39. Nf5+
gxf5 40. gxf5 Qf3+ 41. Kg1 Qxf5 42. Rf1 Qg4+ 43. Kh1 Qe2 44. Rg1+ Kh6 45. Re1
Qf3+ 46. Kg1 Rd3 47. Qc8 Bd6 48. a6 Bxh2+ 49. Kxh2 Rd2+ 0-1

[Event "Sinquefield Cup 4th"]
[Site "Saint Louis"]
[Date "2016.08.11"]
[Round "6"]
[White "Aronian, Levon"]
[Black "Vachier Lagrave, Maxime"]
[Result "0-1"]
[WhiteElo "2792"]
[BlackElo "2819"]
[Annotator "Mokal,P"]
[PlyCount "98"]
[EventDate "2016.08.05"]
[EventType "tourn"]
[EventRounds "9"]
[EventCountry "USA"]
[EventCategory "22"]
[SourceTitle "CBM 174"]
[Source "ChessBase"]
[SourceDate "2016.09.13"]
[SourceVersion "1"]
[SourceVersionDate "2016.09.13"]
[SourceQuality "1"]

1. Nf3 c5 2. c4 Nc6 3. Nc3 e5 4. g3 g6 5. Bg2 Bg7 6. O-O Nge7 7. a3 O-O 8. b4 {
Instead 8.Rb1 and 8.Ne1 are more common. The text move has been seen in a
couple of top level blitz games.} d5 (8... cxb4 9. axb4 e4 10. Ng5 f5 11. b5
Ne5 12. Qb3 h6 13. d4 $5 exd3 14. Nf3 dxe2 15. Re1 d6 16. Rxe2 Be6 $6 17. Nxe5
dxe5 18. Bxb7 $16 {1-0 Carlsen-Nakamura, Norway Blitz 2013 (62)}) 9. cxd5 Nxd5
10. Ng5 $2 {This is the result of a computer crash, according to Aronian. He
had prepared a similar sort of idea a few years ago and had it in mind but
before the game his laptop crashed and he just played without proper
preparation.} ({White has earlier tried} 10. Nxd5 Qxd5 {Here Gelfand played}
11. Rb1 $2 ({Aronian was probably intending} 11. Ng5 $142 {in this position.
It has been played twice before.} Qd4 (11... Qd8 12. Ne4 cxb4 13. axb4 f5 14.
b5 Nd4 15. Nc3 Be6 16. Ra3 $6 Qd7 $15 17. Qa4 e4 18. Bb2 $2 Nxe2+ $19 {0-1
Gutman,L (2441)-Danin,A (2589)/Bad Wiessee GER 2013}) 12. Rb1 cxb4 13. axb4 Bf5
(13... Nxb4 $5) 14. d3 Qd7 15. Ne4 Bxe4 16. Bxe4 Nd4 17. Bb2 Rfd8 18. e3 Ne6
$13 {1-0 Savchenko,S (2498)-Vuilleumier,A (2321)/Budapest HUN 2013}) 11... cxb4
12. axb4 e4 $17 {1-0 Gelfand-Karjakin, Moscow blitz 2009 (47)}) ({A couple of
games saw} 10. e4 {but not with much success} Nc7 (10... Nxc3 11. dxc3 Be6 $11)
11. bxc5 Ne6 12. a4 (12. Nd5 Nxc5 13. d3 b6 (13... Bg4 $5) 14. Be3 Ne6 15. h4
Bb7 16. Ng5 Nc7 17. Nxc7 Qxc7 18. h5 h6 19. Nf3 g5 20. Bh3 Bc8 21. Bxc8 Raxc8
22. Rc1 Qd7 $132 {1-0 Ghasi,A (2466)-Palliser,R (2456)/Leeds ENG 2013}) 12...
Nxc5 13. Ba3 b6 $15 {0-1 Czebe,A (2463)-Mihok,O (2493)/Budapest HUN 2015})
10... Nc7 (10... Ndxb4 $5 11. d3 (11. axb4 cxb4 {[%csl Rc3,Rg5]} 12. Nce4 h6
13. Nf3 (13. Nh3 $2 Qd4 $17 {[%csl Re4][%cal Gc8h3]}) 13... f5 14. Nh4 (14. Nc5
e4 $17) 14... g5 $17) 11... Na6 $15) 11. Nge4 (11. d3 $142 cxb4 12. axb4 Nxb4
$44 {was comparatively better than the game continuation.}) 11... c4 $1 (11...
cxb4 12. axb4 Nxb4 13. Nc5 $44) 12. d3 cxd3 13. Bg5 $6 {Aronian decides to
give up a pawn instead of accepting a positional disadvantage. But it makes
matters worse. Later he admitted to having missed that Black can put his Q on
d7 and then take on e2.} ({After} 13. Qxd3 Qxd3 14. exd3 Ne6 $15) ({or} 13.
exd3 Ne6 $15 {[%csl Rd3] the weakness of the isolated d3-pawn gives Black an
edge.}) 13... f6 14. Be3 f5 $1 {Giving no respite.} (14... dxe2 $6 15. Qxe2 Nd4
16. Bxd4 exd4 17. Rad1 Re8 18. Nb5 Nxb5 19. Qxb5 {with some play.}) 15. Bg5 (
15. Nc5 f4 $17 16. gxf4 $2 exf4 {[%csl Rc3]} 17. Bd2 dxe2 18. Qxe2 f3 19. Bxf3
Nd4 $19) 15... Qd4 16. Be3 Qd8 17. Bg5 Qd7 18. Nc5 dxe2 19. Nxe2 (19. Nxd7
exd1=Q 20. Rfxd1 Rf7 21. Nc5 e4 22. Rac1 Ne6 23. Nxe6 Bxe6 {is a comfortable
pawn up position for Black. White cannot achieve much with either} 24. Nb5 ({or
} 24. Rd6 Bb3 $19) 24... Bb2 25. Rb1 Be5 26. Nd6 Rd7 $17) 19... Qxd1 20. Rfxd1
f4 {[%csl Rg5][%cal Gh7h6] MVL goes for the g5-B} ({The other way, to shut out
the g2-B with} 20... e4 {also seemed good enough. After} 21. Ra2 (21. Rac1 Bb2
$17) 21... b6 22. Nxe4 (22. Nd7 Rf7 23. Rad2 Ba6 $19 {[%csl Ge4]}) 22... fxe4 {
White cannot recover the piece. For example} 23. Bxe4 Bb7 24. Rd7 Rf7 25. Rxf7
Kxf7 26. Rc2 Rc8 $1 {A nice point shown by the machine.} 27. Bxc6 $2 Ne6 $19)
21. gxf4 h6 $17 {Black is already winning. White can now rely only on
desperate attempts to sacrifice material, whether it is a piece or pawns. it
is just a matter of accuracy before Black takes home the point.} 22. b5 (22.
Nxb7 Bxb7 23. Rac1 hxg5 24. Bxc6 Rab8 $17) (22. Bh4 exf4 $19 {[%cal Gg6g5,
Gg7a1]}) 22... Nxb5 23. Rab1 Nxa3 24. Rb3 hxg5 $6 ({A more accurate move was} 
24... Nc2 $142 {with not so difficult variations. For example} 25. Nxb7 (25.
Bh4 exf4 $19) (25. Rc1 N2d4 $19) (25. Rc3 N2d4 26. Nxd4 Nxd4 $19 {[%csl Rg5]
[%cal Gd4e2]}) 25... N6d4 26. Nxd4 Nxd4 27. Rxd4 (27. Nc5 Nxb3 28. Bxa8 Nxc5
$19) 27... exd4 28. Nc5 Bf5 29. Bxa8 Rxa8 30. Bh4 a5 $19) 25. Rxa3 ({White
could have provided more resistance with} 25. Nxb7 Ne7 ({Aronian's calculation
went} 25... Bxb7 26. Rxb7 {[%csl Rc6]} Rad8 {and so on and he considered his
position lost. One cannot blame him for it is only with the machine that we
can see White's ideas in these complications.} (26... Nd4 $6 27. Nxd4 exd4 28.
Bd5+ Kh7 29. Rd3 {[%cal Gd3h3]}) (26... Na5 27. Rbd7 N5c4 (27... Rab8 28. Bd5+
Kh8 29. Rd3 g4 30. Rxa3 $11) 28. Bd5+ Kh8 29. Bxa8 Rxa8 30. fxg5 $15) (26...
Rab8 27. Rxb8 Rxb8 28. Bxc6 exf4 $17) 27. Rxd8 Nxd8 (27... Rxd8 28. Bxc6 exf4
29. Rxa7 $15) 28. Bd5+ Kh8 (28... Nf7 29. f5 gxf5 30. Ng3 Nc2 31. Nxf5 Nd4 32.
Nd6 $11) (28... Kh7 29. Rb3 exf4 (29... Nc2 30. Rh3+ Bh6 31. fxg5) 30. Rh3+ Bh6
31. Rxa3 $15 {[%csl Ra7]}) 29. Rb3 exf4 30. Rxa3 Re8 31. Rh3+ Bh6 32. Nxf4 gxf4
33. Rxh6+ Kg7 34. Rh3 Re5 $15) 26. Rxa3 (26. Nc5 Bg4 27. Bxa8 Bxe2 28. Rd7 Rxa8
29. Rxa3 Nf5 30. fxe5 (30. Raxa7 Rxa7 31. Rxa7 gxf4 $17) 30... Rb8 $19 31.
Raxa7 Rb1+ 32. Kg2 g4 $1 $19) 26... Bg4 27. Re1 gxf4 {[%csl Ra7][%cal Gg2a8]
although Black is still better, he will not have it easy. For example} 28. h3
Bh5 29. Be4 $17 {keeping a hold on things for now.}) 25... exf4 26. Bd5+ (26.
Nd7 Rd8 $1 (26... f3 $5 {Aronian} 27. Bxf3 (27. Rxf3 Rxf3 28. Bxf3 Kf7 $19)
27... Rxf3 28. Rxf3 Bxd7 29. Rxd7 Ne5 $19) 27. Bd5+ Kh8 28. Rh3+ Bh6 29. Bxc6
bxc6 $19) 26... Kh7 $19 27. Ne4 (27. Nxb7 Bxb7 28. Rh3+ Bh6 $19) 27... Kh6 28.
Nd6 Bf6 (28... Bg4 $19) 29. Bxc6 bxc6 30. Nxc8 Raxc8 31. Rd7 {[%cal Ga3h3]} (
31. Rxa7 Rfd8 $19) 31... g4 32. Nxf4 Rcd8 33. Raxa7 Rxd7 34. Rxd7 c5 {[%cal
Gf8c8] MVL has given up two of his three extra pawns but simplified to an
easily winning endgame in which his strong bishop dominates the white knight
and his doubled pawns actually make the White pawn on h2 a sitting duck.} 35.
Ne6 (35. Rc7 Be5 $19) 35... Rc8 36. Rc7 Rxc7 37. Nxc7 c4 38. Kf1 Kg5 39. Nd5
Be5 {[%csl Rh2]} 40. Ke2 (40. Kg2 c3 41. Ne3 Kf4 42. Nc2 Ke4 43. Ne1 Bf4 $19 {
[%cal Gf4d2,Gf4h2] White is helpless.}) 40... Bxh2 41. Ke3 Be5 42. Nb4 Bd6 43.
Nd5 Bc5+ 44. Ke2 Kf5 45. Nc3 Ke5 46. Nb5 Bb4 47. Ke3 g5 48. Nc7 Bc5+ 49. Ke2 c3
(49... c3 50. Kd3 Bxf2 $19 {[%cal Gg4g3,Gg3g2,Gg2g1]}) 0-1